Computer Awareness (Record no. 63448)
[ view plain ]
| 000 -LEADER | |
|---|---|
| fixed length control field | 00244nam a22001097a 4500 |
| 082 ## - DEWEY DECIMAL CLASSIFICATION NUMBER | |
| Classification number | 004 |
| 100 ## - MAIN ENTRY--AUTHOR NAME | |
| Personal name | Gaikwad, Neetu |
| 245 ## - TITLE STATEMENT | |
| Title | Computer Awareness |
| 260 ## - PUBLICATION, DISTRIBUTION, ETC. (IMPRINT) | |
| Place of publication | Meerut |
| Name of publisher | Arihant Pub |
| Year of publication | 2020 |
| 650 ## - SUBJECT ADDED ENTRY--TOPICAL TERM | |
| Topical Term | Computer |
| 942 ## - ADDED ENTRY ELEMENTS (KOHA) | |
| Koha item type | Books |
| Withdrawn status | Lost status | Damaged status | Not for loan | Home library | Current library | Date acquired | Cost, normal purchase price | Full call number | Accession Number | Price effective from | Koha item type |
|---|---|---|---|---|---|---|---|---|---|---|---|
| MACL | MACL | 03/10/2020 | 140.00 | 004 | GCLC00890 | 03/10/2020 | Books | ||||
| MACL | MACL | 03/10/2020 | 140.00 | 004 | GCLC00891 | 03/10/2020 | Books | ||||
| MACL | MACL | 03/10/2020 | 135.00 | 004 | GCLC00152 | 03/10/2020 | Books |









